Reglament de règim interior : (aprovat per la Diputació de Barcelona en el Ple del 25 de febrer de 1983) / Institut del Teatre (aprovat per la Diputació de Barcelona en el Ple del 25 de febrer de 1983) / Institut del Teatre
Descripción Física:
32 p. ; 21 cm
MARC
| LEADER | 00000nam a2200000Ia 4500 | ||
|---|---|---|---|
| 001 | 8438 | ||
| 008 | 160829s1983 xx 000 0 cat d | ||
| 080 | |a FU-8-61 | ||
| 110 | 1 | |a Institut del Teatre (Barcelona, Catalunya) |9 52662 | |
| 245 | |a Reglament de règim interior : |b (aprovat per la Diputació de Barcelona en el Ple del 25 de febrer de 1983) / Institut del Teatre | ||
| 260 | |a Barcelona : |b Diputació de Barcelona, |c 1983 | ||
| 300 | |a 32 p. ; |c 21 cm | ||
| 590 | |a Prové de C-45. | ||
| 590 | |a Hi ha un duplicat a: DUP-73-6 | ||
| 650 | |a Institut del Teatre (Barcelona) |x Reglaments i procediment |9 27525 | ||
| 710 | 1 | |a Barcelona (Catalunya : Província). |b Diputació |9 52408 | |
| 901 | |a Arxiu | ||
| 942 | |n 1 | ||
| 952 | |0 0 |1 0 |4 0 |6 FU861 |7 1 |9 53731 |a Arxiu |b Arxiu |d 2016-12-01 |l 0 |o FU-8-61 |p 8438 |r 2016-12-01 00:00:00 |w 2016-12-01 |y ARXIU | ||
| 999 | |c 57597 |d 57597 | ||